Catálogo

HISTORIA PRIMER CURSO (Registro nro. 29668)

Detalles MARC
000 -LEADER
fixed length control field 00463nam a2200181 a 4500
001 - CONTROL NUMBER
control field 29668
005 - DATE AND TIME OF LATEST TRANSACTION
control field 20180713232745.0
008 - FIXED-LENGTH DATA ELEMENTS--GENERAL INFORMATION
fixed length control field 140415s1993 000 0 spa d
020 ## - INTERNATIONAL STANDARD BOOK NUMBER
International Standard Book Number 968430756X
041 ## - LANGUAGE CODE
Language code of text/sound track or separate title spa
082 ## - DEWEY DECIMAL CLASSIFICATION NUMBER
Classification number 900
Item number GON
100 1# - MAIN ENTRY--PERSONAL NAME
Personal name GONZÁLEZ JAIME, JUAN DE DIOS
245 10 - TITLE STATEMENT
Title HISTORIA PRIMER CURSO
250 ## - EDITION STATEMENT
Edition statement 1ª EDICIÓN
260 ## - PUBLICATION, DISTRIBUTION, ETC.
Place of publication, distribution, etc. [s.l.] :
Name of publisher, distributor, etc. SANTILLANA,
Date of publication, distribution, etc. 1993
300 ## - PHYSICAL DESCRIPTION
Extent 151
Dimensions 21 x 2 x 33
650 14 - SUBJECT ADDED ENTRY--TOPICAL TERM
Topical term or geographic name entry element HISTORIA
Existencias
Withdrawn status Lost status Source of classification or shelving scheme Damaged status Not for loan Collection code Home library Current library Shelving location Date acquired Source of acquisition Total Checkouts Full call number Barcode Date last seen Date last checked out Price effective from Koha item type
    Dewey Decimal Classification     General Tehuacán Tehuacán Sala general 03/12/2013 Compra   900 GON 503820 08/01/2025 24/09/2015 03/12/2013 Libro